Statistiche per Quale stato è più grande? - Quiz n°2

Clicka qui per fare il quiz!

Statistiche generali

  • Questo quiz è stato fatto 45 volte
  • Il punteggio medio è 6 su 9

Statistiche sulle risposte

DomandaRisposta% Corretto
Danimarca o Andorra?Danimarca
100%
Italia o Germania?Germania
95%
Montenegro o Tonga?Montenegro
82%
Tanzania o Sudafrica?Sudafrica
82%
Antigua e Barbuda o Nauru?Antigua e Barbuda
74%
Qatar o Burundi?Burundi
71%
Grenada o Comore?Comore
50%
Cile o Madagascar?Cile
47%
Yemen o Norvegia?Yemen
45%

Distribuzione punteggi

Percentile per numero di risposta

Percentuale di utenti per punteggio

I tuoi punteggi nel tempo

Non hai fatto questo quiz